000 00319nam a2200133Ia 4500
008 151001s9999||||xx |||||||||||||| ||und||
100 _a कुश्नचंदर
245 _aअन्नदाता
250 _a1
260 _bनवदीप
260 _c2006
300 _a160
365 _b21
999 _c986241
_d986238